[Event "ch-Commonwealth"]
[Site "Nagpur IND"]
[Date "2008.10.06"]
[Round "11"]
[White "Venkata Ramana,J"]
[Black "Navalgund,N"]
[Result "0-1"]
[WhiteElo "2205"]
[BlackElo "2091"]

1.d4 d5 2.Nf3 Nf6 3.c4 c6 4.Qc2 g6 5.Nc3 Na6 6.cxd5 cxd5 7.Bg5 Bg7 8.e3 O-O
9.a3 Nc7 10.Bd3 Be6 11.Bxf6 exf6 12.h4 f5 13.Ne2 Ne8 14.Nf4 Nd6 15.Ng5 Re8
16.g4 Ne4 17.Ngxe6 fxe6 18.f3 Nd6 19.h5 g5 20.h6 Bf8 21.gxf5 gxf4 22.Qg2+ Kf7
23.O-O-O Nxf5 24.Bxf5 exf5 25.Rdg1 Re7 26.Qg5 Rc7+ 27.Kb1 Qxg5 28.Rxg5 fxe3
29.Rxf5+ Kg6 30.Rf4 Kg5 31.Rg4+ Kf6 32.Rf4+ Ke7 33.Re1 Bxh6 34.Rh4 Rc6 35.f4 Re6
36.f5 Rc6  0-1

[Event "Belgrade Premier League"]
[Site "Belgrade SRB"]
[Date "2008.10.07"]
[Round "3"]
[White "Nikolic,Br"]
[Black "Stamenkovic,A"]
[Result "0-1"]
[WhiteElo "2148"]
[BlackElo "2283"]

1.Nf3 d5 2.d4 Nf6 3.c4 c6 4.g3 Bf5 5.Nc3 e6 6.Bg2 Be7 7.O-O O-O 8.Qb3 Qb6
9.c5 Qxb3 10.axb3 Na6 11.Bf4 h6 12.Ne5 Nh5 13.Nxc6 bxc6 14.Rxa6 Nxf4 15.gxf4 Rfb8
16.Na4 Bf6 17.Ra1 Rxb3 18.e3 Bd3 19.Rxc6 Bb5 20.Rd6 Be7 21.Bxd5 exd5 22.Rxd5 Bc6
23.Re5 Bf6 24.Rh5 Rd8 25.Nc3 Rxb2 26.d5 Bxc3 27.dxc6 a5  0-1

[Event "1st WMSG Blitz Pair"]
[Site "Beijing CHN"]
[Date "2008.10.08"]
[Round "2"]
[White "Matamoros Franco,C"]
[Black "Balogh,C"]
[Result "0-1"]
[WhiteElo "2525"]
[BlackElo "2616"]

1.Nf3 d5 2.d4 Nf6 3.c4 c6 4.Qb3 dxc4 5.Qxc4 Bg4 6.Nbd2 e6 7.g3 Nbd7 8.Bg2 Be7
9.O-O Bh5 10.Qb3 Qb6 11.Nc4 Qa6 12.Re1 O-O 13.Bf4 Nb6 14.Nce5 Rfd8 15.h3 Qa4
16.Bg5 Nfd5 17.Bxe7 Nxe7 18.e3  0-1

[Event "Belgrade Premier League"]
[Site "Belgrade SRB"]
[Date "2008.10.08"]
[Round "4"]
[White "Mijailovic,Z"]
[Black "Pikula,D"]
[Result "1/2-1/2"]
[WhiteElo "2399"]
[BlackElo "2576"]

1.d4 d5 2.Nf3 Nf6 3.c4 c6 4.Qb3 dxc4 5.Qxc4 Bf5 6.Nc3 e6 7.g3 Be7 8.Bg2 O-O
9.O-O Nbd7 10.Bg5 Rc8 11.Qb3 Nb6 12.Rad1 h6 13.Bc1 Rc7 14.Ne5 Nbd5 15.Rfe1 Nxc3
16.bxc3 Qc8 17.e4 Bh7 18.Nd3 c5  1/2-1/2

[Event "1st WMSG Blitz Pair KO"]
[Site "Beijing CHN"]
[Date "2008.10.09"]
[Round "1.2"]
[White "Ghaem Maghami,E"]
[Black "Matamoros Franco,C"]
[Result "1-0"]
[WhiteElo "2599"]
[BlackElo "2525"]

1.c4 Nf6 2.d4 c6 3.Nf3 d5 4.Qc2 g6 5.Bf4 Bg7 6.e3 O-O 7.Bd3 c5 8.O-O cxd4
9.Nxd4 Nc6 10.Nxc6 bxc6 11.Be5 Be6 12.Nd2 Nd7 13.Bxg7 Kxg7 14.Nf3 Nf6 15.Qc3 Rb8
16.b3 Qb6 17.Rac1 Kg8 18.h3 a5 19.Ne5 Rfc8 20.Rfd1 Qb4 21.Qxb4 axb4 22.cxd5 cxd5
23.Nc6 Rb7 24.Ba6 Rxc6 25.Rxc6 Ra7 26.f3 Kg7 27.Rd4 Bd7 28.Rb6 e5 29.Rdxb4 Be6
30.a4 d4 31.e4 Nd7 32.Rc6 Ra8 33.Rb7 Nb8 34.Rxe6 Nxa6 35.Rxe5 Rc8 36.Rd7 Nc5
37.Rxd4 Nxb3 38.Rd3 Rc1+ 39.Kh2 Nc5 40.Ra3 Ne6 41.a5 Nf4 42.Ra2 Nd3 43.Rb5 h5
44.h4  1-0

[Event "1st WMSG Rapid Pair"]
[Site "Beijing CHN"]
[Date "2008.10.09"]
[Round "2"]
[White "Peng Zhaoqin"]
[Black "Houska,Jo"]
[Result "1/2-1/2"]
[WhiteElo "2455"]
[BlackElo "2399"]

1.Nf3 Nf6 2.c4 c6 3.d4 d5 4.Qb3 dxc4 5.Qxc4 Bf5 6.Nc3 e6 7.g3 Nbd7 8.Bg2 h6
9.O-O Be7 10.Re1 O-O 11.e4 Bh7 12.Bf4 Rc8 13.Rad1 b5 14.Qb3 b4 15.e5 Nd5
16.Nxd5 cxd5 17.Rc1 Qa5 18.Bd2 Nb6 19.a3 Qa4 20.Qxa4 Nxa4 21.Bxb4 Bxb4 22.axb4 Nxb2
23.Bf1 Nc4 24.Ra1 Rc7 25.Rec1 Rb8 26.Ra4 Rbc8 27.Ne1 Bf5 28.f3 Nd2 29.Rxc7 Rxc7
30.Be2 g5 31.Kf2 h5 32.Ke3 Nc4+ 33.Bxc4 Rxc4 34.Rxa7 Rxb4 35.Ra2 Rb3+ 36.Kf2 Kg7
37.Rd2 g4 38.fxg4 hxg4 39.Ng2 Rf3+ 40.Ke2 Ra3 41.Ne3 Kg6 42.Rb2 Kg5 43.Rd2 Ra1
44.Rd1 Ra2+ 45.Rd2 Ra3 46.Kf2 Be4 47.Nf1 Ra1 48.Rb2 Rd1 49.Rd2 Ra1 50.Ne3 Rc1
51.Nd1 f5 52.exf6 Kxf6 53.Ne3 Kg5 54.Nf1 Ra1 55.Ne3 Rh1 56.Nf1 Kf6 57.Rd1 e5
58.dxe5+ Kxe5 59.Rd2 d4 60.Rd1 d3 61.Ra1 Bf3 62.Ke3 Be2 63.Ra5+ Kd6 64.Nd2 Rxh2
65.Ne4+ Kc6 66.Rc5+ Kb6 67.Rg5 Rh1 68.Nc3 Bf3 69.Kxd3 Rg1 70.Ne4 Rd1+ 71.Nd2 Rg1
72.Nxf3 Rxg3 73.Ke4  1/2-1/2

[Event "Chigorin Memorial"]
[Site "St Petersburg RUS"]
[Date "2008.10.10"]
[Round "8"]
[White "Biriukov,O"]
[Black "Timofeev,An"]
[Result "1-0"]
[WhiteElo "2374"]
[BlackElo "2205"]

1.d4 d5 2.c4 c6 3.Nf3 Nf6 4.Qc2 g6 5.Bf4 dxc4 6.Qxc4 Be6 7.Qc1 Bg4 8.Nbd2 Bg7
9.e3 Bxf3 10.Nxf3 Nh5 11.Be5 Nf6 12.Bc4 O-O 13.O-O Nbd7 14.Bg3 Ne4 15.Bh4 Nd6
16.Bd3 Bf6 17.Bg3 Re8 18.Ne5 Nc8 19.Rd1 Bg7 20.Bc4 Nxe5 21.dxe5 Qa5 22.e6 fxe6
23.Bxe6+ Kh8 24.b4 Qxb4 25.Rb1 Qe4 26.Bd7 Nb6 27.Bxe8 Rxe8 28.Qc5 Na4 29.Qxa7 Nc3
30.Qxb7 Nxb1 31.Rxb1 Bf6 32.Rc1 Rd8 33.h3 Qa4 34.Qb3 Ra8 35.Qxa4 Rxa4 36.Rxc6 Rxa2
37.e4 Ra5 38.f4 Bd4+ 39.Kh2 Kg7 40.Bh4 Ra7 41.e5 Kf7 42.Kg3 h6 43.Kf3 Ba1
44.Rc4 Bb2 45.Ke4 e6 46.Bf2 Rb7 47.g4 Ba3 48.Be1 Be7 49.f5 h5 50.fxe6+ Kxe6
51.Rc6+ Kf7 52.gxh5 gxh5 53.Kf5 Rb8 54.Rc7 Ke8 55.Bc3 Ra8 56.Rb7 h4 57.Bd4 Rc8
58.e6 Rd8 59.Bf6 Rd5+ 60.Kg6 Bd6 61.Rd7  1-0

[Event "1st WMSG Blitz Team w"]
[Site "Beijing CHN"]
[Date "2008.10.13"]
[Round "1"]
[White "Medvegy,N"]
[Black "Andersson,C"]
[Result "1-0"]
[WhiteElo "2355"]
[BlackElo "2132"]

1.d4 d5 2.c4 c6 3.Nf3 Nf6 4.Qb3 dxc4 5.Qxc4 Be6 6.Qc2 g6 7.Nc3 Bg7 8.e4 O-O
9.Be2 b5 10.O-O a5 11.h3 Na6 12.a3 b4 13.Na4 Qc7 14.Be3 Rfd8 15.Ne5 Nb8 16.Nc5 Bc8
17.Rac1 bxa3 18.bxa3 Na6 19.Na4 Bb7 20.Bc4 e6 21.Bd3 Nb8 22.Rfd1 Ba6 23.Bxa6 Rxa6
24.Nc5 Ra8 25.Rb1 Na6 26.Rb7 Qd6 27.Nxa6 Rxa6 28.Nxf7 Qf8 29.Nxd8 Qxd8 30.Qc4 c5
31.Qxa6 cxd4 32.Qxe6+ Kh8 33.Rxd4 Qf8 34.Rdd7 Nh5 35.Bd4 Qc8 36.Bxg7+ Nxg7
37.Qe5  1-0

[Event "1st WMSG Blitz Team w"]
[Site "Beijing CHN"]
[Date "2008.10.13"]
[Round "6"]
[White "Hryhorenko,N"]
[Black "Fronda,J"]
[Result "1-0"]
[WhiteElo "2349"]
[BlackElo "1996"]

1.d4 d5 2.Nf3 Nf6 3.c4 c6 4.g3 Bf5 5.Bg2 dxc4 6.O-O e6 7.Nbd2 b5 8.a4 Qa5
9.Ne5 Qb6 10.axb5 Qxd4 11.Nxc6 Qc5 12.Qa4 Nbd7 13.e4 Bg6 14.e5 Nd5 15.Ne4 Bxe4
16.Bxe4 N7b6 17.Qa5 a6 18.Bd2 axb5 19.Qxa8+ Nxa8 20.Rxa8+ Kd7 21.Nb8+ Ke7
22.Rfa1 Nc7 23.R8a7 Qxe5 24.Bg2 Qc5 25.Be3 Qd6 26.h4 h6  1-0

[Event "1st WMSG Blitz Team"]
[Site "Beijing CHN"]
[Date "2008.10.13"]
[Round "6"]
[White "Tovsanaa,N"]
[Black "Tvarijonas,P"]
[Result "0-1"]
[WhiteElo "2301"]
[BlackElo "2310"]

1.d4 d5 2.c4 c6 3.Nf3 dxc4 4.Nc3 Nf6 5.a4 Bf5 6.Ne5 e6 7.f3 Nbd7 8.Nxc4 Bb4
9.e4 Bg6 10.Be2 O-O 11.O-O c5 12.Be3 cxd4 13.Bxd4 Rc8 14.Nb5 a6 15.Nbd6  0-1

[Event "1st WMSG Blitz Team w"]
[Site "Beijing CHN"]
[Date "2008.10.13"]
[Round "6"]
[White "Zenyuk,I"]
[Black "Andersson,C"]
[Result "0-1"]
[WhiteElo "2237"]
[BlackElo "2132"]

1.d4 d5 2.Nf3 c6 3.c4 dxc4 4.a4 Nf6 5.Nc3 e6 6.e3 Bb4 7.Bxc4 Ne4 8.O-O Nxc3
9.bxc3 Bxc3 10.Ba3 Bxa1 11.Qxa1 Nd7 12.e4 Nf6 13.d5 Bd7 14.Rd1 Qa5 15.dxe6 Bxe6
16.Bxe6 fxe6 17.Nd4 Qe5 18.f4 Qxf4 19.Nxe6 Qe3+ 20.Kh1 Nxe4 21.Nxg7+ Kf7
22.Rd7+ Kg6 23.Qb1 Rad8 24.Rxb7 Rd1+ 25.Qxd1 Nf2+ 26.Kg1 Nxd1+  0-1

[Event "1st WMSG Blitz Team w"]
[Site "Beijing CHN"]
[Date "2008.10.13"]
[Round "9"]
[White "Medvegy,N"]
[Black "Dolzhikova,K"]
[Result "1/2-1/2"]
[WhiteElo "2355"]
[BlackElo "2351"]

1.d4 d5 2.c4 c6 3.Nf3 Nf6 4.Qb3 dxc4 5.Qxc4 Bf5 6.g3 Nbd7 7.Bg2 e6 8.O-O Be7
9.Nc3 O-O 10.Re1 Bg6 11.e4 b5 12.Qxc6 b4 13.Nd1 Rc8 14.Qb7 Rc7 15.Qa6 Bxe4
16.Bf4 Rc8 17.Ne3 Qb6 18.Qxb6 Nxb6 19.Rac1 Na4 20.Nc4 Bd5 21.Nfe5 Bxg2 22.Kxg2 Nd5
23.Bd2 Bf6 24.a3 bxa3 25.bxa3 Nab6 26.Nxb6 Nxb6 27.Bb4 Rfd8 28.Bc5 Bxe5 29.dxe5 h6
30.Bxb6 axb6 31.Red1 Kh7 32.Rxd8 Rxd8 33.Rc6 Ra8 34.Rxb6 Rxa3 35.Rb7 Kg6
36.Rb2 Ra5 37.f4 Kf5 38.Rc2 f6 39.exf6 gxf6 40.Rb2 e5 41.fxe5 fxe5 42.h3 e4
43.Kf2 Ke5 44.Rd2 Ra3 45.Rb2 Kd4 46.Rd2+ Rd3 47.Ra2 Rf3+ 48.Kg2 Rf6 49.Ra4+ Kd3
50.Ra3+ Kd2 51.Ra2+ Kc3 52.Ra3+ Kd4 53.Ra4+ Ke5 54.Ra5+ Kd4 55.Ra4+ Kd3 56.Ra3+ Kc2
57.Ra2+ Kb3 58.Re2 Re6 59.Kf2 Kc4 60.Ke3 Kd5 61.Rd2+ Ke5 62.Ra2 Rd6 63.Ra5+ Rd5
64.Rxd5+ Kxd5 65.g4 Ke5 66.h4 Kd5 67.g5 hxg5 68.hxg5 Ke5 69.g6 Kf6 70.Kxe4 Kxg6  1/2-1/2

[Event "1st WMSG Blitz Team"]
[Site "Beijing CHN"]
[Date "2008.10.13"]
[Round "9"]
[White "Pedersen,Stef"]
[Black "Inoue,S"]
[Result "1-0"]
[WhiteElo "2457"]
[BlackElo "2024"]

1.d4 d5 2.c4 c6 3.Nf3 Nf6 4.Qc2 dxc4 5.Qxc4 Bf5 6.Nc3 e6 7.g3 Nbd7 8.Bg2 Be7
9.O-O O-O 10.Re1 Ne4 11.Nh4 Nxc3 12.Nxf5 exf5 13.bxc3 Nb6 14.Qd3 Qd7 15.Rb1 Bf6
16.Bf4 Rfe8 17.h4 Rad8 18.Bh3 g6 19.e4 c5 20.exf5 Rxe1+ 21.Rxe1 cxd4 22.cxd4 Qxd4
23.Qxd4 Rxd4 24.Re8+ Kg7 25.Rb8 Ra4 26.Rxb7 Rxa2 27.Bg2 Bd4 28.Be3 Bxe3 29.fxe3 gxf5
30.Re7 a5 31.Re5 a4 32.Rxf5 Nc4 33.Bd5 Nxe3 34.Rxf7+ Kg6 35.Bxa2  1-0

[Event "1st WMSG Blitz Team w"]
[Site "Beijing CHN"]
[Date "2008.10.13"]
[Round "11"]
[White "Medvegy,N"]
[Black "Hoang Thi Bao Tram"]
[Result "1/2-1/2"]
[WhiteElo "2355"]
[BlackElo "2250"]

1.d4 d5 2.c4 c6 3.Nf3 Nf6 4.Qb3 g6 5.Bf4 Bg7 6.e3 O-O 7.Nc3 e6 8.Be2 b6 9.h3 Ba6
10.O-O Nbd7 11.Qa4 Bb7 12.cxd5 exd5 13.Rac1 Re8 14.Qc2 Ne4 15.Nd2 Nxc3 16.Qxc3 c5
17.Nf3 cxd4 18.Nxd4 Nc5 19.Bf3 Qd7 20.Rfd1 Ne6 21.Bg3 Ng5 22.Qc7 Re7 23.Qxd7 Rxd7
24.Be2 a6 25.a3 Ne4 26.Bh2 Re8 27.Kf1 Nc5 28.b4 Ne4 29.Bd3 f5 30.Rc2 Ree7
31.Rdc1 h6 32.Ne2 Nf6 33.Nd4 Ne4 34.Ne2 Kh7 35.Nd4 Nd6 36.Bxd6 Rxd6 37.Rc7 Rdd7
38.R7c2 Be5 39.Rc3 Kg7 40.R3c2 Rc7 41.Rxc7 Rxc7 42.Rxc7+ Bxc7 43.Ke2 Kf6
44.Kd2 Bd6 45.g3 Be5 46.h4 Bxd4 47.exd4 g5 48.hxg5+ hxg5 49.Ke3 a5 50.bxa5 bxa5
51.Bb5 Ke6 52.Kd3 f4 53.gxf4 gxf4 54.Be8 Kf5 55.Bd7+ Kg5 56.Be6 Ba6+ 57.Kd2 Bc4
58.Bd7 Kh4 59.Be6 Kg5 60.Bd7 Kf6 61.Bc8 Ke7 62.Bf5 Kd6 63.Bg6 Kc7 64.Bf5 Kc6
65.Kc3 Kd6 66.Kd2 Bb5 67.Kc3 Ke7 68.Kd2 Kf6 69.Bh3 Ke7 70.Bg4 Kd6 71.Kc3 Be8
72.Kd2 Bg6 73.Bh3 Be4 74.Bg4 Ke7 75.Bh3 Kf6 76.Bg4 Kg5 77.Bd7 Bf3 78.Bc8 Be4
79.Bd7 Kf6 80.Bc8 Ke7  1/2-1/2

[Event "28th OIS"]
[Site "Munich GER"]
[Date "2008.10.13"]
[Round "3"]
[White "Panteleev,P"]
[Black "Shahin,W"]
[Result "1-0"]
[WhiteElo "2296"]
[BlackElo "2067"]

1.Nf3 Nf6 2.d4 d5 3.c4 c6 4.Qc2 a6 5.Nbd2 b5 6.b3 e6 7.g3 Nbd7 8.Bg2 Bb7
9.O-O Bd6 10.c5 Bc7 11.a4 e5 12.axb5 axb5 13.Rxa8 Bxa8 14.e4 O-O 15.dxe5 Nxe4
16.Nxe4 dxe4 17.Ng5 h6 18.Nxf7 Qe7 19.Nd6 Nxe5 20.Qxe4 Qf6 21.Bb2 Nf3+ 22.Bxf3  1-0

[Event "1st WMSG Rapid Team w"]
[Site "Beijing CHN"]
[Date "2008.10.15"]
[Round "3"]
[White "Tsiganova,M"]
[Black "Houska,Jo"]
[Result "0-1"]
[WhiteElo "2208"]
[BlackElo "2399"]

1.d4 Nf6 2.c4 c6 3.Nf3 d5 4.Qc2 g6 5.Bf4 Bg7 6.Nc3 O-O 7.e3 Bf5 8.Qb3 Qb6
9.cxd5 Qxb3 10.axb3 Nxd5 11.Be5 Nd7 12.Bxg7 Kxg7 13.Be2 h6 14.O-O g5 15.Nd2 Bg6
16.Nxd5 cxd5 17.Rac1 Rfc8 18.Rc3 Nb6 19.Rfc1 Bf5 20.f3 Bd7 21.Bd3 Rc6 22.Kf2 Rac8
23.e4 f6 24.Nf1 e5 25.dxe5 fxe5 26.exd5 Nxd5 27.Rxc6 Rxc6 28.Rxc6 Bxc6 29.Be4 Nb4
30.Bxc6 Nxc6 31.Ke3 Nd4 32.Nd2 Kf6 33.Ke4 Ke6 34.h4 gxh4 35.f4 Nc6 36.Nf3 exf4
37.Nxh4 Kf6 38.Nf3 Na5 39.b4 Nc4 40.b3 Ne3 41.Kxf4 Nxg2+ 42.Ke4 h5 43.Nd4 Kg5
44.Kf3 Nh4+ 45.Ke4 Kg4 46.Nb5 Nf5 47.Nc3 h4 48.Nd1 Nd6+ 49.Kd5 Kf3 50.Kxd6 h3
51.Kc7 h2 52.Kxb7 h1=Q 53.Nc3 Qh7+ 54.Ka6 Qc7 55.Nb5 Qb6+  0-1

[Event "1st WMSG Rapid Team"]
[Site "Beijing CHN"]
[Date "2008.10.15"]
[Round "5"]
[White "Kunte,A"]
[Black "Varga,Zo"]
[Result "1/2-1/2"]
[WhiteElo "2536"]
[BlackElo "2494"]

1.d4 d5 2.c4 dxc4 3.Nf3 c6 4.e3 Be6 5.Ng5 Qa5+ 6.Nc3 Qxg5 7.e4 Qg4 8.f3 Qh4+
9.g3 Qh5 10.d5 cxd5 11.exd5 Qe5+ 12.Kf2 Bd7 13.Bf4 Qf6 14.Bxc4 Qb6+ 15.Kg2 Na6
16.Qe2 Rc8 17.Rhe1 Nh6 18.g4 Qb4 19.Ne4 Rxc4 20.Nd6+ Kd8 21.Nxc4 b5 22.Ne5 Qxf4
23.Nxd7 Qc4 24.Qxc4 bxc4 25.Ne5 Nb4 26.Rac1 Nd3 27.Nxd3 cxd3 28.Red1 f5 29.h3 g5
30.Rxd3 Bg7 31.Rb3 Kd7 32.Rc6 Rd8 33.Rb7+ Ke8 34.d6 Ng8 35.Rxa7 fxg4 36.hxg4 Bxb2
37.dxe7 Nxe7 38.Re6 Rd7 39.Rxd7 Kxd7 40.Rh6 Bc1 41.Rxh7 Kd6 42.Kf2 Nc6 43.Rb7 Bd2
44.a4 Kc5 45.Ke2 Bf4 46.Kd3 Ne5+ 47.Ke4 Nc4 48.Kd3 Ne5+ 49.Ke2 Nc6 50.Rb5+ Kc4
51.Rb2 Nd4+ 52.Kf2 Bc7 53.Ke3 Ne6 54.Ke4 Nc5+ 55.Kf5 Bf4 56.a5 Be3 57.Rb1 Na6
58.Ke4 Bf4 59.Rb6 Nc5+ 60.Kf5 Bc7 61.Rc6 Bxa5 62.Kxg5 Kd5 63.Rc8 Ne6+ 64.Kh5 Bd2
65.Rg8 Ke5 66.g5 Kf5 67.Ra8 Bxg5 68.Ra5+ Kf6 69.Kg4 Bd2 70.Rf5+ Kg6 71.Rd5 Bc1
72.Rd6 Kf6 73.Ra6 Bd2 74.Kg3 Bf4+ 75.Kf2 Ke5 76.Ra5+ Kf6 77.Ke2 Nd4+ 78.Kd3 Ne6
79.Ke4 Bd2 80.Rf5+ Ke7 81.Rd5 Bc1  1/2-1/2

[Event "1st WMSG Rapid Team w"]
[Site "Beijing CHN"]
[Date "2008.10.15"]
[Round "5"]
[White "Peng Zhaoqin"]
[Black "Hoang Thi Bao Tram"]
[Result "1/2-1/2"]
[WhiteElo "2455"]
[BlackElo "2250"]

1.d4 d5 2.c4 c6 3.Nf3 Nf6 4.Qb3 g6 5.Bf4 dxc4 6.Qxc4 Be6 7.Qc2 Bf5 8.Qb3 Qb6
9.Nbd2 Bg7 10.e3 O-O 11.Bc4 Qxb3 12.Bxb3 Bd3 13.Ne5 Ba6 14.Bg3 Nbd7 15.Ndf3 Nxe5
16.Nxe5 Ne4 17.O-O-O Rad8 18.Nc4 Nxg3 19.hxg3 Rd7 20.g4 Rfd8 21.g5 c5 22.dxc5 Rxd1+
23.Rxd1 Rxd1+ 24.Kxd1 Bxc4 25.Bxc4 Bxb2 26.Bd5 Ba3 27.Bxb7 Bxc5 28.Kd2 Bb4+
29.Kd3 Kg7 30.a4 e5 31.Ke4 Be1 32.f3 Bg3 33.a5 h6 34.gxh6+ Kxh6 35.a6 Kg5
36.Bc6 f5+ 37.Kd5 Kf6 38.Bd7 Bf2 39.e4 f4  1/2-1/2

[Event "1st WMSG Rapid Team"]
[Site "Beijing CHN"]
[Date "2008.10.15"]
[Round "5"]
[White "Erdos,V"]
[Black "Gopal,G"]
[Result "0-1"]
[WhiteElo "2577"]
[BlackElo "2548"]

1.d4 d5 2.c4 c6 3.Nf3 Nf6 4.Qb3 dxc4 5.Qxc4 Bf5 6.g3 Nbd7 7.Bg2 e6 8.Nc3 Be7
9.O-O O-O 10.Re1 h6 11.e4 Bh7 12.Qe2 Rc8 13.Bf4 Re8 14.Rad1 Qb6 15.a3 Bf8
16.Rd2 c5 17.e5 Nd5 18.Nxd5 exd5 19.dxc5 Nxc5 20.Rxd5 Red8 21.Red1 Rxd5 22.Rxd5 Na4
23.Be3 Qxb2 24.Qxb2 Nxb2 25.Bh3 Be4 26.Rb5 Rc7 27.Nd2 Rc1+ 28.Bf1 Rxf1+ 29.Nxf1 Nc4
30.Nd2 Nxd2 31.Bxd2 Bxa3 32.Ra5 Bb2 33.Rxa7 Bc6 34.Ra8+ Kh7 35.e6 fxe6 36.Be3 Kg6
37.Kf1 Bd5 38.Ke2 Bc4+ 39.Kd2 Be5 40.Bb6 Kf5 41.f3 Bd5 42.Ke3 Bf6 43.h4 Be7
44.Re8 Ba3 45.Bd4 Kg6 46.Rg8 e5 47.h5+ Kf7 48.Rd8 exd4+ 49.Kf2 Ke6 50.Rg8 Bc5
51.Rxg7 d3+ 52.Ke1 Be3 53.Rg6+ Ke5  0-1

[Event "1st WMSG Rapid Team"]
[Site "Beijing CHN"]
[Date "2008.10.15"]
[Round "6"]
[White "Lyell,M"]
[Black "Meddeb,A"]
[Result "0-1"]
[WhiteElo "2248"]
[BlackElo "2071"]

1.d4 d5 2.Nf3 c6 3.c4 Nf6 4.g3 Bg4 5.cxd5 Nxd5 6.Bg2 Nd7 7.O-O e6 8.Re1 Be7
9.h3 Bh5 10.Nc3 O-O 11.e4 N5b6 12.Qb3 a5 13.a4 h6 14.Bf4 Bb4 15.Rad1 Qe7
16.g4 Bg6 17.Bg3 Rfc8 18.Bh4 Qe8 19.Bg3 c5 20.Ne5 cxd4 21.Rxd4 Nxe5 22.Bxe5 Nxa4
23.Nxa4 Bxe1 24.Rd1 Bb4 25.Nb6 Qb5 26.Nxc8 Qxe5 27.Nb6 Re8 28.Qa4 f6 29.Qd7 Bc5
30.Na4 Bf8 31.Nc3 b6 32.Bf1 Bc5 33.Rd3 Kh7 34.Bg2 Qf4 35.Ne2 Qxf2+ 36.Kh2 Qxe2
37.Rf3 Bxe4 38.Rg3 Qf2 39.Qd1 Rd8 40.Qh1 Bd6  0-1

[Event "1st WMSG Rapid Team w"]
[Site "Beijing CHN"]
[Date "2008.10.16"]
[Round "7"]
[White "Cua,Sheri"]
[Black "Johansson,V"]
[Result "1-0"]
[WhiteElo "2143"]
[BlackElo "2179"]

1.d4 d5 2.c4 c6 3.Nd2 Nf6 4.Ngf3 Bf5 5.g3 e6 6.Bg2 Be7 7.Nh4 Bg6 8.Nxg6 hxg6
9.Qb3 Qc7 10.O-O Nbd7 11.Nf3 dxc4 12.Qxc4 Bd6 13.Qd3 Rd8 14.e4 e5 15.Qe2 O-O
16.dxe5 Nxe5 17.Nxe5 Bxe5 18.f4 Bd4+ 19.Be3 Qb6 20.Bxd4 Rxd4 21.Kh1 Rfd8
22.Rfd1 Qb4 23.a3 Rxd1+ 24.Rxd1 Rxd1+ 25.Qxd1 Qxb2 26.e5 Ne8 27.a4 Qb4 28.h3 Qe7
29.Qb3 g5 30.Qe3 gxf4 31.gxf4 a6 32.Qd4 Nc7 33.f5 Ne8 34.a5 Kf8 35.Kh2 f6
36.exf6 Qxf6 37.Qb6 Qe7 38.Kh1 Nd6 39.Qc5 Nf7 40.Qa7 Ne5 41.Qd4 Nd7 42.Qa7 Nf6
43.Qb8+ Kf7 44.Qf4 Nd5 45.Qd4 Nf6 46.Qf4 Qd7 47.Qc4+ Nd5 48.Qe4 Qd6 49.Bf3 Nf6
50.Qc4+ Kf8 51.Bg2 Nd5 52.Qb3 Qd7 53.Qa3+ Qe7 54.Qb3 Qe1+ 55.Kh2 Qe5+ 56.Kh1 Qxf5
57.Qxb7 Qe6 58.Qxa6 Qe1+ 59.Kh2 Qe5+ 60.Kg1 Qe1+ 61.Qf1+ Qxf1+ 62.Bxf1 Ke7
63.Kf2 Kd6 64.Kf3 c5 65.Ke4 Kc6 66.Ke5 Ne3 67.Be2 c4 68.Kd4 Ng2 69.Bf3+ Kb5
70.Bxg2 Kb4 71.a6 c3 72.Ke4  1-0

[Event "1st WMSG Rapid Team"]
[Site "Beijing CHN"]
[Date "2008.10.16"]
[Round "8"]
[White "Kulaots,K"]
[Black "Ragger,M"]
[Result "1/2-1/2"]
[WhiteElo "2556"]
[BlackElo "2518"]

1.d4 d5 2.c4 c6 3.Nf3 Nf6 4.Qc2 dxc4 5.Qxc4 Bf5 6.g3 e6 7.Bg2 Be7 8.O-O O-O
9.Nc3 Nbd7 10.Re1 b5 11.Qb3 b4 12.Na4 Be4 13.Bf4 Qa5 14.Ne5 Bxg2 15.Kxg2 Nxe5
16.Bxe5 Nd7 17.Bf4 Nb6  1/2-1/2

[Event "24th ECC"]
[Site "Kallithea GRE"]
[Date "2008.10.17"]
[Round "1"]
[White "Khairullin,I"]
[Black "Ledger,S"]
[Result "1-0"]
[WhiteElo "2575"]
[BlackElo "2151"]

1.Nf3 d5 2.d4 Nf6 3.c4 c6 4.Qb3 Qb6 5.Nc3 e6 6.g3 Qxb3 7.axb3 Bb4 8.Bd2 Nbd7
9.e3 O-O 10.Ke2 Bd6 11.c5 Bc7 12.b4 e5 13.b5 exd4 14.exd4 Re8+ 15.Be3 a6
16.b6 Bd8 17.h3 Ne4 18.Nxe4 Rxe4 19.b4 Bf6 20.Kd2 Nf8 21.Bd3 Re8 22.b5 cxb5
23.Bxb5 Bd7 24.Bxd7 Nxd7 25.Bf4 Rac8 26.Rac1 h6 27.Kd3 Re6 28.h4 Nb8 29.Bxb8 Rxb8
30.Rhe1 Kf8 31.Nd2 g6 32.Nb3 Bd8 33.Re3 Rxe3+ 34.fxe3 Ke8 35.e4 dxe4+ 36.Kxe4 Kd7
37.Na5 g5 38.d5 gxh4 39.gxh4 Bxh4 40.Nxb7 Rxb7 41.c6+ Kc8 42.cxb7+ Kxb7 43.d6 a5
44.d7 Kxb6 45.Rc8 Kb5 46.d8=Q Bxd8 47.Rxd8  1-0

[Event "Ugra Cup"]
[Site "Khantiy Mansiysk RUS"]
[Date "2008.10.17"]
[Round "3"]
[White "Ovetchkin,R"]
[Black "Mamedov,Rau"]
[Result "1/2-1/2"]
[WhiteElo "2540"]
[BlackElo "2631"]

1.d4 d5 2.Nf3 Nf6 3.c4 c6 4.Qb3 dxc4 5.Qxc4 g6 6.e4 Bg7 7.Nc3 O-O 8.Be2 Qa5
9.O-O b5 10.b4 Qd8 11.Qb3 Be6 12.Qb2 a5 13.a3 axb4 14.axb4 Rxa1 15.Qxa1 h6
16.Be3 Ng4 17.Bf4 f5 18.e5 g5 19.Bc1 Nxf2 20.Rxf2 g4 21.Qa7 gxf3 22.Bxf3 Qd7
23.Qxd7 Nxd7 24.Bf4 Rc8 25.Rf1 Nb6 26.Ra1 Nd5 27.Nxd5 Bxd5 28.Kf2 e6 29.Bh5 Rc7
30.Ra8+ Kh7 31.Bf3 Bxf3 32.gxf3 Kg6 33.Ke3 Kf7 34.Kd3 Bf8 35.h4  1/2-1/2

[Event "TCh-BEL 2008-9"]
[Site "Belgium BEL"]
[Date "2008.10.19"]
[Round "2"]
[White "Khenkin,I"]
[Black "Michiels,B"]
[Result "1-0"]
[WhiteElo "2647"]
[BlackElo "2427"]

1.d4 d5 2.Nf3 Nf6 3.c4 c6 4.Qb3 dxc4 5.Qxc4 Bf5 6.g3 Nbd7 7.Bg2 e6 8.O-O Be7
9.Nc3 O-O 10.Re1 Ne4 11.Qb3 Qb6 12.Nh4 Qxb3 13.axb3 Bb4 14.Nxf5 exf5 15.Bxe4 fxe4
16.Bd2 Rfe8 17.Nxe4 Rxe4 18.Bxb4 Rxd4 19.Bc3 Rd6 20.Red1 Rxd1+ 21.Rxd1 Nf8
22.f4 Re8 23.Kf2 f6 24.Kf3 Kf7 25.g4 Re7 26.h4 Rd7 27.Rxd7+ Nxd7 28.f5 b6
29.b4 Nb8 30.Ke4 Na6 31.Kd3 Nc7 32.e4 Ke7 33.Bd2 Na6 34.Kc4 Nb8 35.Kd4 Nd7
36.Bf4 Kf7 37.Bd6 g6 38.g5 a6 39.Bc7 Ke7 40.Kc3 Ke8 41.Bd6 Kf7 42.Kd4 Kg7
43.Be7 gxf5 44.exf5 h6 45.gxf6+ Kf7 46.Bd8 Ke8 47.Bc7 Kf7 48.Bf4 h5 49.Bc7 Ke8
50.Ke4 Nxf6+ 51.Ke5 Kf7 52.Kd6 Nd5 53.Kxc6 Nxb4+ 54.Kxb6 Kf6 55.Bd6 Nd3 56.b4 Kxf5
57.Kxa6 Ke6 58.Bf8 Ne5 59.b5 Ng6 60.Bb4 Kd7 61.b6 Ne5 62.b7 Nc6 63.Kb6 Nb8
64.Be1 Ke6 65.Bg3 Nd7+ 66.Kc6 Ke7 67.b8=Q Nxb8+ 68.Bxb8 Ke6 69.Bd6 Kf6 70.Kd7 Kf7
71.Be5  1-0

[Event "24th ECC"]
[Site "Kallithea GRE"]
[Date "2008.10.20"]
[Round "4"]
[White "Vragoteris,A"]
[Black "Gonzalez de la Torre,S"]
[Result "0-1"]
[WhiteElo "2267"]
[BlackElo "2382"]

1.d4 d5 2.c4 c6 3.Nf3 Nf6 4.Nbd2 Bf5 5.Nh4 Be6 6.e3 g6 7.Qc2 Bg7 8.Be2 O-O
9.O-O dxc4 10.Nxc4 c5 11.dxc5 Qc7 12.Na3 Rc8 13.b4 Nc6 14.Bd2 a5 15.Nb5 Qb8
16.bxa5 Nxa5 17.Nd4 Bd5 18.Rab1 Be4 19.Bd3 Bxd3 20.Qxd3 Rxc5 21.Nhf3 e5 22.Qa3 Rd5
23.Nb5 e4 24.Nfd4 Nc4 25.Qc1 Ng4 26.g3 Nge5 27.Bb4 Qc8 28.Nc3 Rd8 29.Kg2 Nd3
30.Qc2 Bxd4 31.exd4 Qg4 32.Qd1 Nf4+ 33.Kg1 Ne2+  0-1

[Event "24th ECC"]
[Site "Kallithea GRE"]
[Date "2008.10.21"]
[Round "5"]
[White "Miroshnichenko,E"]
[Black "Polajzer,D"]
[Result "1-0"]
[WhiteElo "2632"]
[BlackElo "2360"]

1.Nf3 d5 2.d4 Nf6 3.c4 c6 4.Qb3 dxc4 5.Qxc4 Bf5 6.g3 e6 7.Bg2 Be7 8.O-O Nbd7
9.Nc3 O-O 10.Re1 Ne4 11.Qb3 Qb6 12.Nh4 Qxb3 13.axb3 Bb4 14.Ra4 Bxc3 15.bxc3 Nxc3
16.Nxf5 exf5 17.Ra5 Rfe8 18.Bb2 Ne4 19.Rxf5 g6 20.Ra5 a6 21.d5 c5 22.f3 b6
23.Raa1 Nd2 24.Ra3 Re3 25.Rd1 Rxe2 26.Bc3 Nxf3+ 27.Bxf3 Re3 28.Bg4 f5 29.Bd2 Rd3
30.Be2 Rd4 31.Ra4 b5 32.Bxb5  1-0

[Event "WYCC Boys U18"]
[Site "Vung Tau City VIE"]
[Date "2008.10.22"]
[Round "3"]
[White "Nguyen Ngoc Truong Son"]
[Black "Aitbayev,A"]
[Result "1-0"]
[WhiteElo "2567"]
[BlackElo "2296"]

1.d4 d5 2.c4 c6 3.Nf3 Nf6 4.Qc2 dxc4 5.Qxc4 Bf5 6.g3 e6 7.Bg2 Be7 8.O-O O-O
9.Nc3 Nbd7 10.Re1 Ne4 11.Qb3 Qb6 12.Nh4 Bxh4 13.gxh4 Qxb3 14.axb3 Nxc3 15.bxc3 Bg6
16.e4 f6 17.Be3 Bf7 18.f4 Rfd8 19.c4 e5 20.fxe5 fxe5 21.d5 c5 22.Bh3 b6 23.Bg5 Nf6
24.Bxf6 gxf6 25.Ra6 Bg6 26.Kf2 Kg7 27.Ke3 Kh6 28.Rea1 Kh5 29.Rxa7 Rab8 30.Rd7 Kxh4
31.Rxd8 Rxd8 32.Be6 Kg5 33.Ra7 Kh6 34.Rc7 Re8 35.Rc8  1-0

[Event "WYCC Boys U16"]
[Site "Vung Tau City VIE"]
[Date "2008.10.22"]
[Round "3"]
[White "Bregadze,L"]
[Black "Dole,A"]
[Result "1/2-1/2"]
[WhiteElo "2387"]
[BlackElo "1997"]

1.d4 d5 2.c4 c6 3.Nf3 Nf6 4.Qb3 dxc4 5.Qxc4 Bf5 6.g3 e6 7.Bg2 Nbd7 8.O-O Be7
9.Nc3 O-O 10.Qb3 Qb6 11.Nd2 Qxd4 12.Qxb7 Rab8 13.Nb3 Qxf2+ 14.Rxf2 Rxb7 15.Bxc6 Rxb3
16.axb3 Ne5 17.Bf3 Bc5 18.Kg2 Bxf2 19.Kxf2 Nfg4+ 20.Kg2 Nxf3 21.exf3 Ne5
22.Be3 Nc6 23.Bxa7 Ra8 24.Ra6 Nxa7 25.Nb5 h5 26.Nxa7 Rd8 27.Rb6 Rd2+ 28.Kf1 Rxh2
29.Nc6 Rxb2 30.Ne7+ Kh7 31.Nxf5 exf5 32.b4 f6 33.b5 Kg6 34.Rb7 f4 35.gxf4 Kf5
36.Rxg7 Kxf4 37.Rg2 Rxb5 38.Ra2 f5 39.Kg2 Rb4 40.Rc2 Rd4 41.Ra2 Ke3 42.Ra3+ Kf4
43.Ra2 h4 44.Rb2 Ke3 45.Rb5 Rd2+ 46.Kh3 f4 47.Kg4 Rg2+ 48.Kxh4 Kxf3 49.Rb3+ Kf2
50.Rb2+ Kg1 51.Rb1+ Kh2 52.Rf1  1/2-1/2

[Event "WYCC Boys U18"]
[Site "Vung Tau City VIE"]
[Date "2008.10.22"]
[Round "4"]
[White "Matlakov,M"]
[Black "Delorme,Ax"]
[Result "1/2-1/2"]
[WhiteElo "2490"]
[BlackElo "2415"]

1.d4 d5 2.c4 c6 3.Nf3 Nf6 4.Qb3 dxc4 5.Qxc4 Bf5 6.g3 e6 7.Bg2 Nbd7 8.Nc3 Be7
9.O-O O-O 10.Re1 Ne4 11.Qb3 Qb6 12.Nh4 Ndf6 13.f3 Qxb3 14.axb3 Nxc3 15.bxc3 Bc2
16.f4 Nd5 17.Bd2 Bxh4 18.gxh4 Bxb3 19.Rab1  1/2-1/2